书目信息 |
| 题名: |
解构与思想的未来
|
|
| 作者: | 德里达 著 ;夏可君 , 杜小真 编 | |
| 分册: | ||
| 出版信息: | 长春 吉林人民出版社 2006 |
|
| 页数: | 475页 | |
| 开本: | 21cm | |
| 丛书名: | 人文译丛 | |
| 单 册: | ||
| 中图分类: | B565.59 , B089 , B089 | |
| 科图分类: | ||
| 主题词: | 解构主义 , 哲学思想 , 哲学学派 , 哲学学派--研究 | |
| 电子资源: | ||
| ISBN: | 7-206-04966-4 | |
| 000 | 01439oam2 2200385 450 | |
| 001 | 1241303751 | |
| 005 | 20120930113315.25 | |
| 010 | @a7-206-04966-4@dCNY39.00 | |
| 100 | @a20060707d2006 em y0chiy50 ea | |
| 101 | 1 | @achi@cfre |
| 102 | @aCN@b220000 | |
| 105 | @ay z 000yy | |
| 106 | @ar | |
| 200 | 1 | @a解构与思想的未来@dDeconstruction and the future of though in Derrida@f(法)雅克·德里达著@g夏可君编校@g杜小真等译@zeng@Ajie gou yu si xiang de wei lai |
| 210 | @a长春@c吉林人民出版社@d2006 | |
| 215 | @a475页@d21cm | |
| 225 | 2 | @a人文译丛@i西方政治理论与实践书系 |
| 308 | @a丛书总记录为: 西方政治理论与实践 | |
| 330 | @a本书共分四部分,内容包括:德里达与他者的遗言;德里达思想的三个阶段;希腊开端和哲学一般的解构;惟一神论和宗教一般的解构等。 | |
| 462 | 0 | @1001002367313 |
| 510 | 1 | @aDeconstruction and the future of though in Derrida@zeng |
| 600 | 0 | @a德里达@c(Derrida, Jacques@f1930-)@x解构主义@x哲学思想@x研究 |
| 600 | 0 | @a德里达@c(Derrida, Jacques@f1930-) |
| 606 | 0 | @a解构主义 |
| 606 | 0 | @a哲学思想 |
| 606 | 0 | @a哲学学派 |
| 606 | 0 | @a哲学学派@x研究 |
| 690 | @aB565.59@v4 | |
| 690 | @aB089@v4 | |
| 690 | @aB089@v4 | |
| 701 | 0 | @c(法)@a德里达@c(Derrida, Jacques@f1930~2004.10)@4著@Ade li da |
| 702 | 0 | @a夏可君@4编@Axia ke jun |
| 702 | 0 | @a杜小真@f(1946~)@4译@Adu xiao zhen |
| 801 | 0 | @aCN@b大连网信软件有限公司图书馆·11@c20120930 |
| 905 | @a10447@dB089@eJY79 | |
| 解构与思想的未来=Deconstruction and the future of though in Derrida/(法)雅克·德里达著/夏可君编校/杜小真等译.-长春:吉林人民出版社,2006 |
| 475页;21cm .-(人文译丛.西方政治理论与实践书系 ) |
| ISBN 7-206-04966-4:CNY39.00 |
| 本书共分四部分,内容包括:德里达与他者的遗言;德里达思想的三个阶段;希腊开端和哲学一般的解构;惟一神论和宗教一般的解构等。 |
| ● |
| 相关链接 |
|
|
|
|
正题名:解构与思想的未来
索取号:B089/JY79
 
预约/预借
| 序号 | 登录号 | 条形码 | 馆藏地/架位号 | 状态 | 备注 |
| 1 | 7809634 | 278096347 | 学院路分馆/ [索取号:B089/JY79] | 在馆 | |
| 2 | 7809635 | 278096356 | 学院路分馆/ [索取号:B089/JY79] | 在馆 |